[Event "Team Russia"]
[Site "Petergof"]
[Date "2015.08.07"]
[Round "7.26"]
[White "Karpenko, Artem"]
[Black "Kolbyshev, Sergei"]
[Result "1-0"]
[WhiteElo "2276"]
[BlackElo "2154"]
[PlyCount "59"]
[EventDate "2015.08.??"]
[EventType "team-swiss"]

1. d4 Nf6 2. c4 c5 3. d5 e6 4. g3 exd5 5. cxd5 d6 6. Nc3 g6 7. Bg2 Bg7 8. Nf3
O-O 9. O-O Re8 10. Bf4 Ne4 11. Nxe4 Rxe4 12. Nd2 Rb4 13. Rb1 g5 14. Be3 Bf5 15.
a3 Rxb2 16. Rxb2 Bxb2 17. Nc4 Bf6 18. f4 g4 19. Qb3 Bc8 20. Bf2 Qd7 21. e4 Na6
22. e5 Be7 23. Re1 Qd8 24. exd6 Bf8 25. a4 Rb8 26. Qd3 Bd7 27. Be4 f6 28. Bxh7+
Kh8 29. Qg6 Bg7 30. Re7 1-0

[Event "Team Russia"]
[Site "Petergof"]
[Date "2015.08.07"]
[Round "7.27"]
[White "Kolmagorov, Alexey"]
[Black "Guliev, Gasan"]
[Result "0-1"]
[WhiteElo "1992"]
[BlackElo "2053"]
[PlyCount "62"]
[EventDate "2015.08.??"]
[EventType "team-swiss"]

1. d4 Nf6 2. Nf3 g6 3. c4 Bg7 4. Nc3 O-O 5. e4 d6 6. Be2 e5 7. O-O Nc6 8. d5
Ne7 9. Ne1 Nd7 10. Be3 f5 11. f3 f4 12. Bf2 g5 13. a4 a5 14. Nd3 b6 15. b4 axb4
16. Nxb4 Nf6 17. Nd3 h5 18. a5 bxa5 19. c5 Ng6 20. Nb2 g4 21. Nc4 g3 22. hxg3
fxg3 23. Bxg3 h4 24. Bh2 Nh5 25. Kf2 Bh6 26. Rg1 Bf4 27. Bxf4 Ngxf4 28. Bf1 Qg5
29. Ne2 Ng3 30. Nxf4 Nxe4+ 31. Ke1 Qg3+ 0-1

[Event "Team Russia"]
[Site "Petergof"]
[Date "2015.08.07"]
[Round "7.28"]
[White "Protopopova, Anastasiya"]
[Black "Miroshnik, Ekaterina"]
[Result "1-0"]
[WhiteElo "2177"]
[BlackElo "1786"]
[PlyCount "115"]
[EventDate "2015.08.??"]
[EventType "team-swiss"]

1. Nf3 Nf6 2. c4 e6 3. Nc3 d5 4. d4 Be7 5. Bf4 O-O 6. e3 c5 7. cxd5 Nxd5 8.
Nxd5 exd5 9. dxc5 Bxc5 10. a3 Nc6 11. Bd3 h6 12. O-O Be6 13. Bb1 Bd6 14. Qd3 f5
15. Bg3 Bxg3 16. hxg3 Qf6 17. Qb5 Rab8 18. Ba2 Rfd8 19. Rad1 Qf7 20. Rd2 Rd6
21. Rfd1 Rbd8 22. b4 g5 23. Qc5 g4 24. Nd4 b6 25. Qc3 Nxd4 26. Qxd4 Qg7 27. Qd3
h5 28. Kf1 Qe5 29. Qd4 Qxd4 30. Rxd4 Kg7 31. f3 R6d7 32. Ke2 Kf6 33. Bb3 a6 34.
a4 Kg5 35. Rc1 Kf6 36. Kf2 Rd6 37. Rh1 Kg6 38. Rhd1 R6d7 39. a5 b5 40. e4 dxe4
41. Rxd7 Rxd7 42. Rxd7 Bxd7 43. fxe4 Kf6 44. Bd5 Bc8 45. exf5 Kxf5 46. Ke3 Kg5
47. Kd4 h4 48. gxh4+ Kxh4 49. Kc5 Kg3 50. Kb6 Kf2 51. Kc7 Bf5 52. Kb7 g3 53.
Kxa6 Bd3 54. Kb6 Bf1 55. a6 Bxg2 56. Bxg2 Kxg2 57. a7 Kf2 58. a8=Q 1-0

[Event "Team Russia"]
[Site "Petergof"]
[Date "2015.08.07"]
[Round "7.29"]
[White "Tarasov, Alexandr"]
[Black "Navrodskiy, Boris"]
[Result "1/2-1/2"]
[WhiteElo "2305"]
[BlackElo "2035"]
[PlyCount "97"]
[EventDate "2015.08.??"]
[EventType "team-swiss"]

1. e4 c6 2. Nc3 d5 3. Nf3 Bg4 4. h3 Bh5 5. exd5 cxd5 6. g4 Bg6 7. Bb5+ Nc6 8.
Ne5 Rc8 9. d4 e6 10. Qe2 Bd6 11. Nxg6 hxg6 12. Nxd5 Kf8 13. Bxc6 bxc6 14. Nf4
Bxf4 15. Bxf4 Qxd4 16. Be5 Qd5 17. f3 Rd8 18. Kf2 Nf6 19. c4 Qa5 20. Rad1 Ke7
21. Kg2 c5 22. Qe3 Qb4 23. b3 Qa5 24. Kg3 Qb6 25. h4 Qc6 26. Qf4 Rhg8 27. Bc7
Rd7 28. Rxd7+ Qxd7 29. Rh2 Rc8 30. Be5 Rd8 31. Qe3 Qc6 32. Rd2 Rxd2 33. Qxd2
Ne8 34. Qa5 a6 35. Bf4 Nd6 36. Qc3 f6 37. Qd3 e5 38. Be3 f5 39. Bd2 e4 40. Qd5
Qxd5 41. cxd5 exf3 42. Kxf3 Ne4 43. Bf4 Nc3 44. d6+ Ke6 45. a4 Ne4 46. Be5 Nxd6
47. Bxg7 fxg4+ 48. Kxg4 Ne4 49. Bh6 1/2-1/2

[Event "Team Russia"]
[Site "Petergof"]
[Date "2015.08.07"]
[Round "7.30"]
[White "German, Nikita"]
[Black "Payanidi, Janis"]
[Result "0-1"]
[WhiteElo "1987"]
[BlackElo "2238"]
[PlyCount "138"]
[EventDate "2015.08.??"]
[EventType "team-swiss"]

1. e4 e6 2. d4 d5 3. Nc3 Nf6 4. e5 Nfd7 5. Nf3 c5 6. dxc5 Nc6 7. Bf4 Bxc5 8.
Bd3 h6 9. h4 a6 10. Qd2 b5 11. a3 Nb6 12. Rd1 Nc4 13. Qc1 Qb6 14. O-O Be7 15.
Bxc4 bxc4 16. b3 cxb3 17. cxb3 Bd7 18. b4 Rc8 19. Qa1 Na7 20. Be3 Qb8 21. h5
Nb5 22. Ne2 Rc2 23. Rd2 Rxd2 24. Nxd2 O-O 25. Nb3 f6 26. Nc5 Bc8 27. Bf4 Qa7
28. Be3 Qc7 29. f4 fxe5 30. fxe5 Rxf1+ 31. Kxf1 Bh4 32. Kg1 Qf7 33. a4 Nc7 34.
Qb2 Na8 35. Nf4 Nb6 36. Qd4 Nc4 37. Bf2 Bd8 38. a5 Bc7 39. Ncd3 Bb8 40. Ng6 Bd7
41. Nb2 Nxb2 42. Qxb2 Be8 43. Qd4 Qc7 44. Qf4 Bxg6 45. hxg6 Qe7 46. Bc5 Qe8 47.
b5 axb5 48. a6 b4 49. a7 Bxa7 50. Qf7+ Qxf7 51. gxf7+ Kxf7 52. Bxa7 Kg6 53. Kf2
Kf5 54. Ke3 g5 55. Bd4 Kg4 56. Bc5 b3 57. Ba3 Kg3 58. Kd4 Kxg2 59. Kc5 h5 60.
Kd6 d4 61. Kxe6 d3 62. Kf7 d2 63. e6 d1=Q 64. e7 Qd7 65. Kf8 Qf5+ 66. Kg7 Qe6
67. Kf8 Qf6+ 68. Kg8 Qg6+ 69. Kf8 h4 0-1

[Event "Team Russia"]
[Site "Petergof"]
[Date "2015.08.07"]
[Round "7.31"]
[White "Kovalev, Egor"]
[Black "Antonian, Grant"]
[Result "1/2-1/2"]
[WhiteElo "2186"]
[BlackElo "1869"]
[PlyCount "120"]
[EventDate "2015.08.??"]
[EventType "team-swiss"]

1. e4 e5 2. Nf3 Nc6 3. Bb5 a6 4. Ba4 Nf6 5. Qe2 b5 6. Bb3 Bc5 7. c3 d6 8. d3 h6
9. h3 O-O 10. g4 Nh7 11. Bd5 Bd7 12. Nbd2 Rb8 13. Rg1 g5 14. h4 Kg7 15. hxg5
hxg5 16. Nf1 f6 17. Bxc6 Bxc6 18. Ng3 d5 19. Nf5+ Kh8 20. Be3 Bd6 21. Bd2 Qc8
22. Nh2 Qb7 23. f3 Bc5 24. Be3 Qb6 25. Bxc5 Qxc5 26. Qf2 Qxf2+ 27. Kxf2 b4 28.
Ne7 Be8 29. Nxd5 bxc3 30. bxc3 Rb2+ 31. Kg3 c6 32. Nc7 Bf7 33. Nxa6 Ra8 34. Nc5
Raxa2 35. Rxa2 Bxa2 36. c4 Nf8 37. Rg2 Rxg2+ 38. Kxg2 Ng6 39. Kf2 Nf4 40. Ke3
Kg7 41. Kd2 Bb1 42. Nf1 Kf7 43. Ne3 Ke7 44. Nf5+ Kd8 45. d4 exd4 46. Nxd4 Kc7
47. Ne2 Nxe2 48. Kxe2 Kd6 49. Nd3 Bxd3+ 50. Kxd3 c5 51. Ke3 Ke5 52. f4+ gxf4+
53. Kf3 Kd4 54. Kxf4 Kxc4 55. e5 fxe5+ 56. Kxe5 Kb3 57. g5 c4 58. g6 c3 59. g7
c2 60. g8=Q+ Kb2 1/2-1/2

[Event "Team Russia"]
[Site "Petergof"]
[Date "2015.08.07"]
[Round "7.32"]
[White "Granovskaya, Ekaterina"]
[Black "Milovanova, Maria"]
[Result "0-1"]
[WhiteElo "1626"]
[BlackElo "1945"]
[PlyCount "64"]
[EventDate "2015.08.??"]
[EventType "team-swiss"]

1. e4 c5 2. Nf3 Nc6 3. Bb5 e6 4. Bxc6 bxc6 5. d3 Qc7 6. b3 Ne7 7. e5 Ng6 8. Bb2
Be7 9. Nbd2 O-O 10. O-O f6 11. Nc4 fxe5 12. Nfxe5 Nxe5 13. Bxe5 d6 14. Bg3 Rf7
15. Qd2 Bd7 16. Rad1 Rd8 17. c3 h5 18. h4 Bc8 19. Qe2 g6 20. Qe4 Kh7 21. d4
cxd4 22. Rxd4 e5 23. Rd2 Bf5 24. Qe3 Bf8 25. f4 e4 26. Re2 Re7 27. Qd2 d5 28.
Ne3 Rdd7 29. Nxf5 gxf5 30. Bf2 c5 31. Rd1 d4 32. cxd4 cxd4 0-1

[Event "Team Russia"]
[Site "Petergof"]
[Date "2015.08.07"]
[Round "7.33"]
[White "Pak, Alexander"]
[Black "Shubin, Kirill"]
[Result "1-0"]
[WhiteElo "2196"]
[BlackElo "2216"]
[PlyCount "69"]
[EventDate "2015.08.??"]
[EventType "team-swiss"]

1. e4 e6 2. d4 d5 3. Nc3 Nf6 4. Bg5 Bb4 5. exd5 exd5 6. Qf3 Nbd7 7. O-O-O Bxc3
8. Qe3+ Kf8 9. Qxc3 h6 10. Bh4 g5 11. Bg3 Ne4 12. Qb3 c6 13. f3 Nxg3 14. hxg3
Qf6 15. g4 Qd6 16. Ne2 Nf6 17. Kb1 Kg7 18. Qe3 Re8 19. Qf2 a5 20. Ng3 Qf4 21.
Ne2 Qd6 22. Qg3 Qb4 23. a3 Qe7 24. Qh2 Rh8 25. Ng3 b5 26. Bd3 Be6 27. Rhe1 Qd7
28. Qg1 Qd6 29. Qf2 a4 30. c3 Rhc8 31. Bc2 Rc7 32. Ne2 Rac8 33. Qg3 Qd8 34. Qe5
Kg8 35. Rh1 1-0

[Event "Team Russia"]
[Site "Petergof"]
[Date "2015.08.07"]
[Round "7.34"]
[White "Obodenko, Amir"]
[Black "Yeritsyan, Aram"]
[Result "1-0"]
[WhiteElo "1970"]
[BlackElo "2117"]
[PlyCount "89"]
[EventDate "2015.08.??"]
[EventType "team-swiss"]

1. e4 c5 2. Nf3 e6 3. c3 Nf6 4. e5 Nd5 5. d4 cxd4 6. cxd4 d6 7. Nc3 Nxc3 8.
bxc3 Qc7 9. Bd2 Nd7 10. exd6 Bxd6 11. Bd3 e5 12. O-O O-O 13. Re1 Re8 14. Qa4
Re7 15. Rad1 exd4 16. Rxe7 Bxe7 17. cxd4 Nf6 18. Ne5 Be6 19. Rc1 Qd8 20. Rb1
Bd5 21. Bc4 Ne4 22. Be3 a6 23. Qb3 Bxc4 24. Qxc4 Nd6 25. Qd5 Bf6 26. Bf4 Bxe5
27. Bxe5 Nb5 28. Qxb7 f6 29. a4 fxe5 30. axb5 exd4 31. bxa6 d3 32. Rd1 Qc8 33.
Qd5+ Kf8 34. Qxd3 Rxa6 35. Qxh7 Rh6 36. Qd3 Qg4 37. Qd8+ Kf7 38. Qd7+ Qxd7 39.
Rxd7+ Kf8 40. g3 g5 41. Rd5 Rg6 42. Kg2 Kg7 43. Kf3 Kh6 44. Kg4 Rc6 45. Rxg5
1-0

[Event "Team Russia"]
[Site "Petergof"]
[Date "2015.08.07"]
[Round "7.35"]
[White "Arkhipkin, Ilya"]
[Black "Shchukin, Maksim"]
[Result "0-1"]
[WhiteElo "1974"]
[BlackElo "1820"]
[PlyCount "126"]
[EventDate "2015.08.??"]
[EventType "team-swiss"]

1. d4 d5 2. c4 c6 3. Nf3 Nf6 4. Nc3 dxc4 5. a4 Bf5 6. Ne5 Nbd7 7. Nxc4 e6 8. f3
Bb4 9. Bg5 h6 10. Bh4 Qc8 11. e4 Bg6 12. Qb3 a5 13. Bxf6 gxf6 14. Be2 Qb8 15.
Rd1 O-O 16. O-O Qa7 17. Kh1 Rad8 18. Na2 Be7 19. Qc3 b6 20. Ne3 Nb8 21. Bd3 Qd7
22. Bb1 Na6 23. f4 f5 24. exf5 exf5 25. Nc4 Qc7 26. Ne5 c5 27. Qc4 Bh5 28. Qxa6
Bxd1 29. Rxd1 Rxd4 30. Rxd4 cxd4 31. Bxf5 Bd6 32. Nd7 Rd8 33. Nf6+ Kh8 34. Nd5
Qc5 35. Qb5 Qxb5 36. axb5 Bc5 37. Nc7 d3 38. Nc3 d2 39. Bc2 Bb4 40. N7d5 Bxc3
41. Nxc3 Rd4 42. g3 a4 43. Nd1 Rc4 44. Bd3 Rc1 45. Be2 Rb1 46. Kg2 Rxb2 47. Kf2
a3 48. Bc4 a2 49. Bxa2 Rxa2 50. Ke2 Kg7 51. Ne3 Rb2 52. Nc4 Rxb5 53. Kxd2 Kf6
54. g4 Ke6 55. h4 Kd5 56. Ne5 f6 57. Nf7 Rb4 58. Nxh6 Rxf4 59. h5 b5 60. Kc3
b4+ 61. Kb3 Kc5 62. Nf7 Rxg4 63. h6 Rh4 0-1

[Event "Team Russia"]
[Site "Petergof"]
[Date "2015.08.07"]
[Round "7.36"]
[White "Kiseleva, Ekaterina"]
[Black "Obolentseva, Alexandra"]
[Result "0-1"]
[WhiteElo "1826"]
[BlackElo "2113"]
[PlyCount "106"]
[EventDate "2015.08.??"]
[EventType "team-swiss"]

1. e4 c5 2. Nc3 Nc6 3. f4 g6 4. Bb5 Bg7 5. Nf3 a6 6. Bxc6 bxc6 7. O-O d5 8. d3
Nf6 9. h3 O-O 10. Qe1 e6 11. Qh4 Nd7 12. Qe1 Re8 13. e5 Rb8 14. g4 a5 15. g5
Ba6 16. Rf2 Qb6 17. Nd1 c4 18. d4 c5 19. c3 Rbc8 20. Ne3 cxd4 21. cxd4 Nb8 22.
Ng4 Nc6 23. Rd2 Ne7 24. Nh4 Nf5 25. Nxf5 exf5 26. Nf6+ Bxf6 27. gxf6 Qxf6 28.
Qg3 Qb6 29. Rd1 Re6 30. Qc3 Rb8 31. Rb1 f6 32. Be3 a4 33. Kh1 Kf7 34. Bf2 fxe5
35. fxe5 Qb4 36. Qc2 Bb5 37. b3 axb3 38. axb3 Qa3 39. Kg2 Rc8 40. Bh4 Rec6 41.
Qd2 cxb3 42. Qh6 Kg8 43. Bf6 Qf8 44. Qe3 Rc2+ 45. Kg1 R2c3 46. Qe1 Bd3 47. Ra1
b2 48. Ra7 Rc1 49. Qh4 Rxd1+ 50. Kf2 Rc2+ 51. Kg3 Rg1+ 52. Kf4 Rf1+ 53. Ke3
Re2+ 0-1

[Event "Team Russia"]
[Site "Petergof"]
[Date "2015.08.07"]
[Round "7.37"]
[White "Chibukhchyan, Erik"]
[Black "Khramov, Andrey"]
[Result "1/2-1/2"]
[WhiteElo "1839"]
[BlackElo "2060"]
[PlyCount "124"]
[EventDate "2015.08.??"]
[EventType "team-swiss"]

1. e4 e5 2. Nf3 Nc6 3. Bb5 a6 4. Ba4 Nf6 5. O-O Be7 6. Re1 b5 7. Bb3 d6 8. c3
O-O 9. h3 Nb8 10. d4 Nbd7 11. Nbd2 Bb7 12. Bc2 Re8 13. Nf1 Bf8 14. Ng3 g6 15.
a4 Bg7 16. b3 c6 17. dxe5 dxe5 18. Qe2 Qc7 19. Be3 Nf8 20. Red1 Ne6 21. b4 Nd7
22. Bb3 bxa4 23. Bxa4 a5 24. Bb3 Ndf8 25. Bc4 c5 26. bxa5 Rxa5 27. Rxa5 Qxa5
28. Qb2 Qa4 29. Bb3 Qb5 30. Rb1 c4 31. Bxc4 Qxc4 32. Qxb7 Qxc3 33. Rc1 Qa5 34.
Ne2 Rd8 35. Qb2 Qa8 36. Nc3 Nd4 37. Bxd4 exd4 38. Nd5 Ne6 39. Ra1 Qb8 40. Qxb8
Rxb8 41. Rd1 Kf8 42. g3 h5 43. Nf4 Nxf4 44. gxf4 Rb4 45. Rd3 Bh6 46. Rxd4 Rb1+
47. Kg2 Bxf4 48. e5 Bh6 49. Rd6 Rb2 50. Kg3 Rb3 51. Kg2 Rb5 52. Ra6 Rb7 53. Nd4
Rd7 54. Ra4 Ke7 55. Kf3 Bg7 56. Ke4 f5+ 57. exf6+ Bxf6 58. Ne2 Kf7 59. f4 Re7+
60. Kf3 Rb7 61. Ra3 Bb2 62. Rd3 Bf6 1/2-1/2

[Event "Team Russia"]
[Site "Petergof"]
[Date "2015.08.07"]
[Round "7.38"]
[White "Bekhovskiy, Mikhail"]
[Black "Ufimtsev, Egor"]
[Result "1-0"]
[WhiteElo "2286"]
[BlackElo "1883"]
[PlyCount "53"]
[EventDate "2015.08.??"]
[EventType "team-swiss"]

1. d4 Nf6 2. Nf3 e6 3. Bf4 c5 4. e3 b6 5. Bd3 Bb7 6. Nbd2 Be7 7. c3 Nh5 8. Bg3
Nxg3 9. hxg3 h6 10. Qe2 d6 11. e4 Qc7 12. O-O O-O 13. Rac1 Nd7 14. e5 Rac8 15.
Rcd1 Rfd8 16. Rfe1 cxd4 17. exd6 Bxd6 18. Nxd4 Nc5 19. Bb1 Bf8 20. N2f3 Qe7 21.
Ne5 Nd7 22. Nxd7 Rxd7 23. Qd3 g6 24. Nf5 Rxd3 25. Nxe7+ Bxe7 26. Rxd3 Bd5 27.
Rxd5 1-0

[Event "Team Russia"]
[Site "Petergof"]
[Date "2015.08.07"]
[Round "7.39"]
[White "Ustich, Ekaterina"]
[Black "Petrushev, Nikita"]
[Result "1/2-1/2"]
[WhiteElo "2082"]
[BlackElo "2060"]
[PlyCount "95"]
[EventDate "2015.08.??"]
[EventType "team-swiss"]

1. e4 e5 2. Nf3 Nc6 3. Bb5 a6 4. Bxc6 dxc6 5. O-O Qf6 6. d4 exd4 7. Qxd4 Qxd4
8. Nxd4 Bd7 9. Be3 O-O-O 10. Nc3 Ne7 11. Rfd1 Ng6 12. Nf3 f6 13. Na4 b6 14. c4
c5 15. Nc3 Bc6 16. Rxd8+ Kxd8 17. Rd1+ Kc8 18. Nd5 Kb7 19. b3 Bd6 20. Bd2 Re8
21. Re1 a5 22. a4 Bd7 23. h3 c6 24. Nc3 Kc7 25. Kf1 Bc8 26. Bc1 Ne5 27. Nxe5
Bxe5 28. Ne2 Bd6 29. Nc3 Be5 30. Nd1 Bd4 31. f4 b5 32. axb5 cxb5 33. Bd2 bxc4
34. Bxa5+ Kc6 35. bxc4 Ba6 36. Ke2 Rxe4+ 37. Kd3 Rxe1 38. Bxe1 Bc8 39. Ne3 Bxe3
40. Kxe3 f5 41. Bc3 g6 42. g3 Be6 43. Kd3 h5 44. h4 Bf7 45. Bd2 Be6 46. Be3 Bf7
47. Bd2 Be6 48. Kc3 1/2-1/2

[Event "Team Russia"]
[Site "Petergof"]
[Date "2015.08.07"]
[Round "7.40"]
[White "Rybakova, Polina"]
[Black "Kvachko, Anastasiya"]
[Result "1/2-1/2"]
[WhiteElo "1926"]
[BlackElo "1703"]
[PlyCount "184"]
[EventDate "2015.08.??"]
[EventType "team-swiss"]

1. e4 e6 2. d4 d5 3. Nd2 a6 4. Bd3 c5 5. exd5 exd5 6. c3 Nc6 7. Ne2 cxd4 8.
Nxd4 Nxd4 9. cxd4 Nf6 10. O-O Be7 11. Qc2 O-O 12. Nf3 Bg4 13. Ne5 Bh5 14. Qb3
Qb8 15. Bg5 Rd8 16. Rfe1 h6 17. Bh4 Qa7 18. g4 Qxd4 19. Rad1 Qb4 20. h3 Re8 21.
Bg3 Qxb3 22. axb3 Bb4 23. Re3 Bg6 24. Nxg6 fxg6 25. Rxe8+ Rxe8 26. Bxg6 Re2 27.
h4 Re1+ 28. Rxe1 Bxe1 29. Bf5 Kf7 30. Bc8 Ne4 31. Kf1 Bb4 32. Bf4 Nc5 33. Bd6
b6 34. Bc7 Ba5 35. Ke2 d4 36. Bf5 g6 37. Bc2 Ne6 38. Be5 Bb4 39. f4 Be7 40. f5
gxf5 41. gxf5 Nc5 42. Bxd4 Bxh4 43. b4 Nd7 44. Bb3+ Ke8 45. Be6 Be7 46. Bg7 Nf8
47. Bc8 Bxb4 48. Bxa6 h5 49. Kf3 Kf7 50. Bd4 Nd7 51. Bc4+ Kf8 52. Kg3 Be1+ 53.
Kh3 Nc5 54. Be2 h4 55. Bf6 Na4 56. Bb5 Kf7 57. Bd4 Nc5 58. Bc4+ Kf8 59. Bf6 Na4
60. b3 Nc5 61. Bxh4 Bc3 62. Bf2 Ke7 63. Kg4 Kf6 64. Bh4+ Kg7 65. Bd8 b5 66. Bd5
Kf8 67. Kg5 Bd2+ 68. Kg6 Nd3 69. Kh7 Nf4 70. Bc6 b4 71. f6 Bc3 72. Bb5 Ne6 73.
Be7+ Kf7 74. Bc4 Bxf6 75. Bxb4 Be7 76. Bc3 Bf6 77. Bd2 Ke7 78. Kg6 Bd4 79. Kf5
Nc7 80. Bf4 Kd7 81. Ke4 Bb6 82. Be2 Kc6 83. Bh5 Kb5 84. Bf7 Kb4 85. Bc4 Nb5 86.
Kd3 Na7 87. Bd6+ Bc5 88. Be5 Nc6 89. Bc3+ Ka3 90. Ke4 Bb4 91. Bf6 Na5 92. Bg5
Nxb3 1/2-1/2

[Event "Team Russia"]
[Site "Petergof"]
[Date "2015.08.07"]
[Round "7.41"]
[White "Ermolaev, Evgeny"]
[Black "Bondarenko, Ivan"]
[Result "1-0"]
[WhiteElo "2296"]
[BlackElo "2062"]
[PlyCount "105"]
[EventDate "2015.08.??"]
[EventType "team-swiss"]

1. e4 d5 2. exd5 Qxd5 3. Nc3 Qd6 4. Bc4 Nf6 5. Nge2 c6 6. d4 Bf5 7. Bf4 Qd8 8.
O-O e6 9. a4 Nbd7 10. Ng3 Bg6 11. a5 Bb4 12. a6 b5 13. Bb3 O-O 14. Qf3 Rc8 15.
Nce4 Nxe4 16. Nxe4 Bxe4 17. Qxe4 Nf6 18. Qe5 Nd5 19. Bg3 Ba5 20. f4 Bb6 21. c3
g6 22. Kh1 Bc7 23. Qe2 Bd6 24. Rf3 Qc7 25. Qf1 Rb8 26. Bc2 c5 27. dxc5 Qxc5 28.
b4 Qc6 29. Bf2 Qc7 30. Qg1 Nb6 31. Be3 f5 32. Bb3 Rfe8 33. Ra5 Qc6 34. Bd4 Kf7
35. Qe1 Nd7 36. Ra1 Bc7 37. Qh4 h5 38. Re3 Bb6 39. Rae1 Bxd4 40. Rxe6 Rxe6 41.
Rxe6 Qxe6 42. Bxe6+ Kxe6 43. cxd4 Rb6 44. Qd8 Kd6 45. Qg8 Kc7 46. Qa2 Nb8 47.
h3 Rxa6 48. Qd5 Rd6 49. Qc5+ Nc6 50. d5 a6 51. dxc6 Rxc6 52. Qe7+ Kb6 53. Kg1
1-0

[Event "Team Russia"]
[Site "Petergof"]
[Date "2015.08.07"]
[Round "7.42"]
[White "Golikov, Daniil"]
[Black "Shilyaev, Fedor"]
[Result "0-1"]
[WhiteElo "1995"]
[BlackElo "2148"]
[PlyCount "66"]
[EventDate "2015.08.??"]
[EventType "team-swiss"]

1. d4 Nf6 2. c4 g6 3. Nc3 Bg7 4. e4 O-O 5. Be2 d6 6. Bg5 c5 7. d5 a6 8. a4 Qa5
9. Bd2 e6 10. Nf3 Qc7 11. dxe6 fxe6 12. O-O Nc6 13. Bd3 Bd7 14. h3 Nh5 15. Qc1
Rae8 16. Rd1 Bc8 17. Bh6 Bxh6 18. Qxh6 Qf7 19. Qe3 Nf4 20. Bf1 e5 21. Ne2 Nxh3+
22. gxh3 Qxf3 23. Qxf3 Rxf3 24. Rxd6 Rb3 25. Nc3 Rxb2 26. Rd5 Rf8 27. Nd1 Rb3
28. Ne3 b6 29. Rd6 Nd4 30. a5 bxa5 31. Bg2 Ne2+ 32. Kh2 Rxf2 33. Nd1 Rxh3# 0-1

[Event "Team Russia"]
[Site "Petergof"]
[Date "2015.08.07"]
[Round "7.43"]
[White "Russkikh, Nikita"]
[Black "Shinkevich, Maksim"]
[Result "0-1"]
[WhiteElo "2060"]
[BlackElo "1987"]
[PlyCount "132"]
[EventDate "2015.08.??"]
[EventType "team-swiss"]

1. e4 c5 2. Nf3 Nc6 3. Bb5 d6 4. O-O Bd7 5. c3 Nf6 6. Re1 a6 7. Ba4 b5 8. Bc2
Bg4 9. h3 Bxf3 10. Qxf3 g6 11. a4 Bg7 12. axb5 axb5 13. e5 Rxa1 14. exf6 Ne5
15. Rxe5 dxe5 16. fxg7 Rg8 17. d4 exd4 18. Bh6 f6 19. Kh2 Qd6+ 20. g3 Kf7 21.
Nd2 Rd8 22. cxd4 c4 23. b3 Ra2 24. Ne4 Qxd4 25. Be3 Qd5 26. bxc4 bxc4 27. Ng5+
Kxg7 28. Be4 Qd6 29. Nxh7 Qe5 30. Qg4 f5 31. Qh4 fxe4 32. Qh6+ Kf7 33. Ng5+ Ke8
34. Qxg6+ Kd7 35. Nxe4 Rc8 36. Qg4+ Qe6 37. Qd1+ Kc6 38. Qb1 Ra6 39. Nc5 Rb6
40. Qc1 Qd5 41. Qa3 Rb1 42. Qa4+ Kc7 43. Qa7+ Kd8 44. Qa5+ Ke8 45. g4 Rh1+ 46.
Kg3 Rg1+ 47. Kf4 Rc6 48. Qa4 Kf7 49. Ne4 e5+ 50. Kg5 Rg6+ 51. Kh4 Qxe4 52. Qd7+
Kg8 53. Qe8+ Kh7 54. Qf7+ Kh8 55. Qf8+ Rg8 56. Qf6+ Rg7 57. Kh5 Kh7 58. Qh6+
Kg8 59. Qe6+ Kh8 60. Bh6 Qg6+ 61. Qxg6 Rxg6 62. Kxg6 c3 63. Kf7 c2 64. Be3 c1=Q
65. Bxc1 Rxc1 66. g5 Rf1 0-1

[Event "Team Russia"]
[Site "Petergof"]
[Date "2015.08.07"]
[Round "7.44"]
[White "Pankova, Julia"]
[Black "Khusnutdinova, Alsu"]
[Result "0-1"]
[WhiteElo "1681"]
[BlackElo "2133"]
[PlyCount "78"]
[EventDate "2015.08.??"]
[EventType "team-swiss"]

1. e4 e5 2. Nf3 Nc6 3. Bb5 a6 4. Ba4 Nf6 5. O-O Be7 6. Re1 b5 7. Bb3 d6 8. a4
Bb7 9. c3 Na5 10. Bc2 c5 11. d3 O-O 12. Nbd2 Re8 13. Nf1 Bf8 14. Ng3 g6 15. Qe2
Bg7 16. h3 d5 17. Bg5 h6 18. Bxf6 Qxf6 19. exd5 Bxd5 20. axb5 Bxf3 21. gxf3
axb5 22. d4 cxd4 23. Qxb5 Reb8 24. Qd5 Rd8 25. Qb5 Nc6 26. Rxa8 Rxa8 27. Ne4
Qe6 28. Bb3 Qd7 29. Bd5 Rc8 30. cxd4 exd4 31. Rc1 Ne5 32. Bxf7+ Kh7 33. Rxc8
Nxf3+ 34. Kg2 Nh4+ 35. Kg1 Qxc8 36. Qe8 Qc1+ 37. Kh2 Be5+ 38. Ng3 Bxg3+ 39.
Kxg3 Qg5+ 0-1

[Event "Team Russia"]
[Site "Petergof"]
[Date "2015.08.07"]
[Round "7.45"]
[White "Gurvich, Vitaly"]
[Black "Panov, Maksim"]
[Result "1/2-1/2"]
[WhiteElo "2331"]
[BlackElo "2187"]
[PlyCount "80"]
[EventDate "2015.08.??"]
[EventType "team-swiss"]

1. e4 d5 2. exd5 Qxd5 3. Nc3 Qa5 4. d4 Nf6 5. Nf3 Bf5 6. Bc4 e6 7. Bd2 Bb4 8.
Qe2 O-O 9. O-O-O c6 10. a3 Bxc3 11. Bxc3 Qc7 12. Bd2 Nbd7 13. Ne5 b5 14. Bb3 c5
15. Nxd7 Nxd7 16. g4 Bg6 17. h4 cxd4 18. Bb4 Rfc8 19. h5 Qf4+ 20. Qd2 Qxd2+ 21.
Rxd2 Be4 22. Re1 Bf3 23. Rxd4 Nf6 24. g5 Nxh5 25. Re3 Bc6 26. Rc3 g6 27. Rd6
Be4 28. Rd7 Nf4 29. Kd2 Bc6 30. Rd6 Bd5 31. Ke3 Bxb3 32. Kxf4 Rxc3 33. Bxc3
Bxc2 34. Rd7 Bb3 35. Ke5 Kg7 36. Kd6+ Kg8 37. Ke5 Kg7 38. Kd6+ Kg8 39. Ke5 Kg7
40. Kd6+ Kf8 1/2-1/2

[Event "Team Russia"]
[Site "Petergof"]
[Date "2015.08.07"]
[Round "7.46"]
[White "Radzhabov, Rodion"]
[Black "Mikhailovsky, Vladimir"]
[Result "1-0"]
[WhiteElo "2128"]
[BlackElo "2231"]
[PlyCount "60"]
[EventDate "2015.08.??"]
[EventType "team-swiss"]

1. e4 e5 2. Nf3 Nc6 3. Bb5 Nf6 4. Nc3 Bb4 5. O-O O-O 6. d3 d6 7. Bg5 Ne7 8. Ne2
c6 9. Ba4 Ng6 10. c3 Ba5 11. Ng3 h6 12. Be3 d5 13. Bc2 dxe4 14. dxe4 Qc7 15.
Nf5 Rd8 16. Qe2 Be6 17. Nd2 b5 18. Qf3 Nf4 19. Bxf4 exf4 20. Nb3 Bxf5 21. exf5
Bb6 22. a4 a5 23. Bd3 b4 24. cxb4 axb4 25. Rac1 Rxa4 26. Rxc6 Qb7 27. Bc4 Ra2
28. Bxf7+ Qxf7 29. Rxb6 Nd5 30. Rb5 Rxb2 1-0

[Event "Team Russia"]
[Site "Petergof"]
[Date "2015.08.07"]
[Round "7.47"]
[White "Aleksandrovskiy, Dmitriy"]
[Black "Polosin, Evgeni"]
[Result "0-1"]
[WhiteElo "2207"]
[BlackElo "2034"]
[PlyCount "60"]
[EventDate "2015.08.??"]
[EventType "team-swiss"]

1. d4 Nf6 2. Nf3 c5 3. dxc5 e6 4. Be3 Qc7 5. Na3 Bxc5 6. Bxc5 Qxc5 7. Qd4 Qa5+
8. Qd2 Qxd2+ 9. Nxd2 Ke7 10. e3 Nc6 11. c4 Rd8 12. Be2 d5 13. O-O-O b6 14. b3
Ba6 15. Kb2 Rac8 16. Rhe1 Nb4 17. f3 dxc4 18. Naxc4 b5 19. Na3 Nfd5 20. Ndb1
Nxe3 21. Rxd8 Rxd8 22. Bxb5 Nd1+ 23. Kc1 Nxa2+ 24. Kc2 Nb4+ 25. Kc1 Bxb5 26.
Rxd1 Rxd1+ 27. Kxd1 Bc6 28. Nd2 Nd5 29. Nac4 Nb6 30. Ne3 Bd5 0-1

[Event "Team Russia"]
[Site "Petergof"]
[Date "2015.08.07"]
[Round "7.48"]
[White "Shnayder, Violetta"]
[Black "Kruglikova, Viktorija"]
[Result "1-0"]
[WhiteElo "1932"]
[BlackElo "1944"]
[PlyCount "47"]
[EventDate "2015.08.??"]
[EventType "team-swiss"]

1. Nf3 d5 2. c4 d4 3. b4 e5 4. Nxe5 Qf6 5. Nd3 Bf5 6. c5 Bxd3 7. exd3 Nc6 8.
Ba3 Nge7 9. Be2 Nd5 10. b5 Ne5 11. O-O Nf4 12. g3 Ne6 13. f4 Nd7 14. c6 bxc6
15. Bxf8 Kxf8 16. Bf3 h5 17. Bxc6 Rd8 18. h4 Qf5 19. Qf3 Nf6 20. Re1 Nc5 21.
Re5 Qxd3 22. Rxc5 Qg6 23. d3 Ng4 24. Nd2 1-0

[Event "Team Russia"]
[Site "Petergof"]
[Date "2015.08.07"]
[Round "7.49"]
[White "Shuster, Andrei"]
[Black "Abramov, Nikita"]
[Result "1/2-1/2"]
[WhiteElo "2075"]
[BlackElo "2269"]
[PlyCount "87"]
[EventDate "2015.08.??"]
[EventType "team-swiss"]

1. e4 c5 2. Nf3 d6 3. Bb5+ Nc6 4. Bxc6+ bxc6 5. O-O Bg4 6. h3 Bh5 7. e5 dxe5 8.
g4 e4 9. gxh5 exf3 10. Nc3 Qd7 11. Qxf3 Nf6 12. d3 e6 13. Re1 Be7 14. b3 Rg8
15. Bb2 g6 16. h6 g5 17. Ne4 Nxe4 18. dxe4 Rg6 19. Rad1 Qc7 20. Bg7 f6 21. Rd2
Rd8 22. Rxd8+ Bxd8 23. e5 f5 24. Qh5 g4 25. hxg4 Qf7 26. Kf1 Rxg4 27. Qh1 Kd7
28. Rd1+ Rd4 29. Rxd4+ cxd4 30. Qf3 Bb6 31. a4 Qg6 32. b4 Qg5 33. a5 Bc7 34.
Qd3 Qf4 35. b5 Bxa5 36. bxc6+ Kxc6 37. Qc4+ Kb7 38. Qb5+ Bb6 39. Qd7+ Ka6 40.
Qa4+ Kb7 41. Qd7+ Bc7 42. Qb5+ Bb6 43. Qd7+ Bc7 44. Qb5+ 1/2-1/2